Valtioita kuvien mukaan #5 - Statistics

Yleistilastot
  • Tätä visaa on pelattu 1 557 kertaa
  • Keskiarvotulos 9 / 15
Vastaustilastot
Kuvavisa Vastaus % Oikein
Yhdysvallat
97%
Japani
96%
Kreikka
94%
Intia
93%
Egypti
74%
Norja
69%
Yhdistyneet arabiemiraatit
59%
Thaimaa
57%
Ranska
50%
Tšekki
44%
Indonesia
34%
Brasilia
27%
Kazakstan
26%
Armenia | Turkki
18%
Jemen
15%
Ehtoja vastaavia visoja ei löytynyt
Tulosjakauma
Jokaisen tuloksen saaneiden osuus
Persentiili vastausten määrän mukaan
Tuloshistoriasi
Et ole pelannut tätä visaa